000 00889cam a2200205 4500
001 WB3825-01
008 020710n2002 000 0 eng u
035 _a(Sirsi) u118761
245 _aVehicle access rights
260 _c2002
490 _aDEFRA News Release
_v(267/02) 5 July 2002, (2)
520 _aNew procedures have been introduced setting out how people can obtain legal right to drive over common land to reach their homes. A statutory easement has been created, provided conditions and procedures are met, in return for reasonable compensation. New procedures are set out under Countryside and Rights of Way Act 2000 S68. www.defra.gov.uk/news/2002/020705b.htm
590 _aWB
650 _aACCESS RIGHTS
650 _aCOUNTRYSIDE AND RIGHTS OF WAY ACT 2000 S68
650 _aEASEMENTS
650 _aRIGHTS OF WAY
690 _aBoundary disputes
_96221
942 _n0
999 _c70701
_d70701